Heat transfer reviews 1976-1986 / E.R.G. Eckert, et.al. (Registro nro. 22057)
[ vista simple ]
| 000 -LÍDER | |
|---|---|
| fixed length control field | 00546nam a2200157 4500 |
| 008 - ELEMENTOS DE LONGITUD FIJA -- INFORMACIÓN GENERAL | |
| fixed length control field | 0 1990 0a 000 0USA |
| 020 ## - NÚMERO INTERNACIONAL NORMALIZADO PARA LIBROS | |
| ISBN | 0-471-52458-1 |
| 050 ## - SIGNATURA TOPOGRAFICA DE LA BIBLIOTECA DEL CONGRESO (LC) | |
| Número de Clasificación | TJ260 H3965 1990 |
| 082 ## - NUMERO DE CLASIFICACION DECIMAL DEWEY | |
| Número de Clasificación | 621.4022 E522h |
| 100 ## - ASIENTO PRINCIPAL--NOMBRE PERSONAL | |
| Nombre personal | Eckert, E. R. G. et.al. |
| 245 ## - TÍTULO | |
| Título | Heat transfer reviews 1976-1986 / E.R.G. Eckert, et.al. |
| 260 ## - PUBLICACIÓN, DISTRIBUCIÓN, ETC. (PIE DE IMPRENTA) | |
| Lugar de publicación, distribución, etc. | USA : John Wiley |
| 300 ## - DESCRIPCIÓN FÍSICA | |
| Extensión | 681 p. / 26 cm |
| 650 ## - ASIENTO SECUNDARIO DE MATERIA - TERMINO TEMÁTICO | |
| Término temático o nombre geográfico como elemento de entrada | 1. TRANSFERENCIA DE CALOR 2. TERMODINAMICA |
| 700 ## - ASIENTO SECUNDARIO - NOMBRE PERSONAL | |
| Nombre personal | I. Goldstein, R. J. coaut. II. Irvine, T. F. coaut. III. Harnett, J. P. coaut. |
| No. biblioteca | No. biblioteca | Número de clasificación | Código de barras/Número de adquisición | Número de copia | Tipo de material |
|---|---|---|---|---|---|
| LUIS G. INCLAN | LUIS G. INCLAN | 621.4022 E522h | 14791 | 1 | Libros |
